000 04709cam a22018854i 4500
003 PE-LiUPU
005 20250813165522.0
008 180620s2014 sp a r0 000 0 spa d
020 _a9788490481295
035 _a(Sirsi) a248984
040 _aPE-LiUPU
_bspa
_cPE-LiUPU
_erda
049 _aPRUA
082 0 4 _a624.1821
_bM84
_222
100 1 _aMontalva Subirats, José Miguel,
_eautor.
245 1 0 _aProyecto estructural de edificio industrial :
_bdiseño y cálculo de estructura metálica /
_cJosé Miguel Montalvá Subirats.
250 _aSegunda edición
264 1 _aValencia :
_bUniversitat Politècnica de València,
_c2014.
300 _a304 páginas :
_bilustraciones ;
_c24 centímetros.
336 _atext
_2rdacontent
337 _aunmediated
_2rdamedia
338 _avolume
_2rdacarrier
505 0 _aIntroducción -- Definición del problema -- Pórtico interior -- Sistema contraviento.
526 _aP203
526 _aP200
526 _aSEG65
526 _aSEG64
526 _aSEG63
526 _aSEG62
526 _aSEG61
526 _aSEG60
526 _aSEG59
526 _aSEG58
526 _aSEG57
526 _aSEG56
526 _aSEG55
526 _aSEG54
526 _aSEG53
526 _aSEG52
526 _aSEG51
526 _aSEG50
526 _aSEG49
526 _aSEG48
526 _aSEG47
526 _aSEG46
526 _aSEG24
526 _aSEG23
526 _aSEG22
526 _aSEG21
526 _aSEG20
526 _aSEG19
526 _aSEG18
526 _aSEG17
526 _aSEG16
526 _aSEG14
526 _aSEG13
526 _aSEG12
526 _aSEG11
526 _aSEG10
526 _aSEG09
526 _aSEG06
526 _aSEG05
526 _aSEG04
526 _aSEG03
526 _aSEG02
526 _aSEG68
526 _aSEG66
526 _aSEG45
526 _aSEG25
526 _aSEG01
526 _aP163
526 _aP162
526 _aP161
526 _aP160
526 _aP159
526 _aP158
526 _aP157
526 _aP156
526 _aP155
526 _aP154
526 _aP153
526 _aP152
526 _aP151
526 _aP150
526 _aP149
526 _aP142
526 _aP141
526 _aP140
526 _aP139
526 _aP138
526 _aP137
526 _aP132
526 _aP131
526 _aP130
526 _aP126
526 _aP125
526 _aP124
526 _aP123
526 _aP115
526 _aP122
526 _aP121
526 _aP116
526 _a P114
526 _aP112
526 _aP111
526 _aP104
526 _aP103
526 _aP102
526 _aP101
526 _aP100
526 _aP96
526 _aP95
526 _aP93
526 _aP92
526 _aP91
526 _aP88
526 _aP83
526 _aP82
526 _aP79
526 _aP78
526 _aP75
526 _aP74
526 _aP71
526 _aP69
526 _a P51
526 _aP49
526 _aP48
526 _aP47
526 _aP33
526 _aP31
526 _a P30
526 _aP29
526 _aP27
526 _aP26
526 _aP25
526 _aP24
526 _a P22
526 _aP10
526 _aP09
526 _a P08
526 _aP06
526 _aP05
526 _aP04
526 _aP01
541 _g001-0000119;
541 _gF001-000833;
650 0 4 _aConstrucciones industriales Diseño.
650 0 4 _aConstrucción metálica Diseño.
650 0 4 _aIndustrial constructions Design.
650 0 4 _aMetal construction Design.
700 1 _aHospitaler Pérez, Antonio,
_eautor.
700 1 _aSaura Arnau, Héctor,
_eautor.
700 1 _aHernández Figueirido David,
_eautor.
910 _adbm
_bksl
_cksl
_d20180620
942 _2ddc
_cBOOK
949 _a624.1821 M84 2014
_wDEWEY
_c1
_iFJ12569
_lCCODEBUJ1
_mBUJ
_p24.00
_r0
_sY
_tBOOK
_u2019-02-06
_xFCE
_zADMINISTRACIÓN
_o.STAFF -- Colección General Juliaca
994 _aC0
_bPEPRU
596 _a1 3
999 _a624.1821 M84
_wDEWEY
_c28585
_i78859
_d28585
_e2019-3-15
_f2021-11-9
_g4
_lCCODEBUL1
_mBUL
_n1
_p25.64
_q1
_r0
_sY
_tBOOK
_u2018-6-20
_xINGENIERIA
_PP25
_0COMPRA
_1FCOMPRA
_o.STAFF. Colección Ingeniería y Arquitectura
999 _a624.1821 M84 2014
_wDEWEY
_c1
_iFJ12569
_d2019-3-7
_f2022-1-26
_g3
_lCCODEBUJ1
_mBUJ
_p24.00
_q1
_r0
_sY
_tBOOK
_u2019-2-6
_xINGENIERIA
_PP25
_0COMPRA
_1FCOMPR2
_o.STAFF. Colección General Juliaca
980 _81
_gALBERTO SANCHEZ Responsable de Automatización